000 01022cam a2200277 4500
001 L129357
008 050414n2005 000 0 eng u
020 _a1860817416
035 _a(Sirsi) u129357
041 _aeng
100 _aHobbs, G.
245 _aComposting in the construction industry
260 _aWatford
_bBRE
_c2005
300 _a12p.
_c30cm.
350 _a12
490 _aBRE Information Paper
_v3/05
520 _aThis information paper gives the main findings of a DTI funded project to determine the suitability of bioremediation and demolition waste from landfill. Also examines some of the issues relating to the use of compost in construction to promote markets for composted materials.
590 _aIKA150405
690 _aENVIRONMENTAL AND LAND CONSULTANCY-WASTE MANAGEMENT
700 _aMcMahon, V.
700 _aHarrex, R.M.
700 _aSwainson, M.
710 _aBuilding Research Establishment
710 _aUnited Kingdom
_bDepartment of Trade and Industry
942 _n0
999 _c104154
_d104154